| 000 | 02224cab a2200253 ab4500 | ||
|---|---|---|---|
| 005 | 20240920064522.0 | ||
| 008 | 991125c2017 sp fr p o 000 0 spa d | ||
| 035 | _aUPN01000223094 | ||
| 040 |
_aMX-MxUPN _bspa _cMX-MxUPN _eaacr2 |
||
| 049 | _aART-E | ||
| 100 | 1 |
_aPacheco Rios, Rosana _6- ross5559@hotmail.com |
|
| 100 | 1 | _aMaldonado Maldonado, Erasmo | |
| 245 | 1 | 0 |
_aRelación entre los estilos de aprendizaje y las teorías de enseñanza _h[recurso electrónico en línea] |
| 506 | 0 | _aAcceso abierto | |
| 520 | 3 | _aEste trabajo de investigación se realizó para saber la relación entre los estilos de aprendizaje con las teorías de enseñanza de los alumnos y de los docentes de la Facultad de Organización Deportiva (FOD) de la UANL. El método utilizado fue el deductivo, con un enfoque cuantitativo, realizando un estudio descriptivo-correlacional, transversal y de campo. Participaron 666 alumnos que corresponde al 64 % de una población total de 1,037, con edades de 17 a 39 años y 59 docentes que corresponden al 84.2% de un total de 70, de edades de 23 a 69 años. Los instrumentos de recolección de datos fueron: el “Cuestionario de Honey & Alonso sobre estilos de aprendizaje” (CHAEA, 1992) y el TIEN (Teorías implícitas del profesor sobre la enseñanza, adaptado por Delgado y Zurita para ser aplicado en la Educación Física en el año 2003). Los resultados mostraron que la mayoría de los estilos de aprendizaje se relacionan con las teorías de enseñanza, exceptuando el estilo reflexivo. El estilo de aprendizaje activo se relaciona con la teoría de enseñanza tradicional, el teórico con la teoría de enseñanza expresiva o activa, el pragmático con la teoría de enseñanza emancipatoria o crítica, y el estilo reflexivo no se relaciona con ninguna teoría de enseñanza. Retos | |
| 650 | 4 |
_aEducación física _912884 |
|
| 653 | 0 | _aEstilos de aprendizaje | |
| 653 | 0 | _aTeorías de la enseñanza | |
| 773 |
_gNo. 32 (2017), p. 7-13 _tRetos : nuevas tendencias en educación física, deportes y recreación _x1988-2041 |
||
| 856 | 4 | _uhttps://recyt.fecyt.es/index.php/retos/article/view/53542/33566 | |
| 902 | _bLeonor Sotres/190324 | ||
| 905 | _aArticulo | ||
| 942 | _cART-E | ||
| 999 |
_c195191 _d195191 |
||